| 000 | 01226nam a22004217a 4500 | ||
|---|---|---|---|
| 001 | BR2012006841 | ||
| 003 | BR-BrBNA | ||
| 005 | 20230928104050.0 | ||
| 007 | ta | ||
| 008 | 230509b bl.||||| |||| 00| 0 por d | ||
| 040 |
_aBR-BrBNA _bpor _cBiblioteca Nacional de Agricultura |
||
| 041 | _a(Por) | ||
| 072 |
_aK10 _b3240 _b8901 |
||
| 090 | _ 3240 BR2012006841 | ||
| 100 | 1 | _aNahuz, M.A.R. | |
| 100 | 1 | _aPoffo, O. | |
| 100 | 1 | _aBrainer, M.S. de C.P. | |
| 100 | 1 | _aIelo, P.K.Y. | |
| 100 | 1 | _aRomagnano, L.F.T. di | |
| 100 | 1 | _aHumphreys, R.D. | |
| 100 | 1 | _aAmaral, F.L.M. do | |
| 100 | 1 | _aSouza, C.A. | |
| 100 | 1 | _aLongo, M.H.C. | |
| 100 | 1 | _aKury, J.P.N. | |
| 110 | 1 |
_aBanco do Nordeste do Brasil, Fortaleza, CE (Brasil) _91130 |
|
| 245 | 1 | _aSetores consumidores de madeira: aspectos do mercado atual e potencial do eucalipto | |
| 260 | 3 |
_aFortaleza, CE (Brasil): _c2012. |
|
| 300 | _a338 p. | ||
| 500 | _aBibliography p. 238-250; 19 illus.; 13 graphs.; 88 tables | ||
| 650 | _aEUCALIPTO | ||
| 650 | _aMADEIRA | ||
| 650 | _aSILVICULTURA | ||
| 650 | _aRECURSO FLORESTAL | ||
| 650 | _aECONOMIA | ||
| 650 | _aDESENVOLVIMENTO ECONÔMICO | ||
| 909 |
_a202309 _bLucia _c55 _dLucia Elande |
||
| 942 | _cBK | ||
| 999 |
_c77948 _d77948 |
||